书目信息 |
| 题名: |
教师口语
|
|
| 作者: | 刘伯奎 主编 | |
| 分册: | ||
| 出版信息: | 上海 华东师范大学出版社 1994.7 |
|
| 页数: | 491页 | |
| 开本: | 20cm | |
| 丛书名: | ||
| 单 册: | ||
| 中图分类: | H193.2 | |
| 科图分类: | 41.278 | |
| 主题词: | 汉语-口语--师范大学--教材 , 口语-汉语--师范大学--教材 | |
| 电子资源: | ||
| ISBN: | 7-5617-1234-0 | |
| 000 | 00793nam0 2200265 45 | |
| 001 | 0194039590 | |
| 005 | 20070619081532.83 | |
| 010 | @a7-5617-1234-0@dCNY14.00 | |
| 100 | @a19940805d1994 em y0chiy0121 ea | |
| 101 | 0 | @achi@aeng |
| 102 | @aCN@b310000 | |
| 105 | @ay z 000yy | |
| 200 | 10 | @a教师口语@AJIAO SHI KOU YU@e表述与训练@EBIAO SHU YU XUN LIAN@f刘伯奎主编@FLIU BO KUI ZHU BIAN |
| 210 | @a上海@c华东师范大学出版社@d1994.7@h2001 | |
| 215 | @a491页@d20cm | |
| 300 | @a高等师范院校教材 | |
| 314 | @a刘伯奎,芜湖师专任教 | |
| 540 | 1 | @a教师@AJIAO SHI |
| 606 | @a汉语-口语@x师范大学@x教材 | |
| 606 | @a口语-汉语@x师范大学@x教材 | |
| 690 | @aH193.2@v三版 | |
| 692 | @a41.278 | |
| 701 | 0 | @a刘伯奎@ALIU BO KUI@4主编 |
| 801 | 0 | @aCN@bTSSF@c20070619 |
| 905 | @a10447@dH193.2@e244 | |
| 教师口语:表述与训练/刘伯奎主编.-上海:华东师范大学出版社,1994.7(2001) |
| 491页;20cm |
| 高等师范院校教材 |
| ISBN 7-5617-1234-0:CNY14.00 |
| ● |
| 相关链接 |
|
|
|
|
正题名:教师口语
索取号:H193.2/244
 
预约/预借
| 序号 | 登录号 | 条形码 | 馆藏地/架位号 | 状态 | 备注 |
| 1 | 0635933 | 206359331 | 第二样本阅览室/ [索取号:H193.2/244] | 在馆 | |
| 2 | 0635934 | 206359340 | 密集书库/ [索取号:H193.2/244] | 在馆 | |
| 3 | 0635935 | 206359359 | 密集书库/ [索取号:H193.2/244] | 在馆 | |
| 4 | 0635936 | 206359368 | 密集书库/ [索取号:H193.2/244] | 在馆 | |
| 5 | 0654743 | 206547432 | 库房3/ [索取号:H193.2/244] | 在馆 |